000 00485nam a2200169Ia 4500
008 240729s9999 xx 000 0 und d
022 _a2541-5794
245 0 _aJGEET: Journal of Geoscience, Engineering, Environment and Technology
260 _aIndonesia
260 _bUIR Press
650 _a Geology
650 _a Technology (General) | Science
650 _aTechnology
856 _uhttps://doaj.org/toc/ecc808cd45e047418d003c8207a495dd
942 _2ddc
942 _cDOAJEJ
999 _c66298
_d66298
945 _a1
_bMadushi Gamage
_c1
_dMadushi Gamage